000 00666nam a2200241 4500
003 OSt
005 20260601170957.0
008 260505b1973\\\\enk\||||\||||\00|\0\eng\d
020 _a0521203279
040 _aICI
_bspa
_cICI
041 _aeng
050 _aTA 174
_bG556
100 _aGlegg, Gordon Lindsay,
_eautor
245 1 _aThe Science of design /
_cGordon L. Glegg
260 _aCambridge :
_bCambridge at the University Press,
_c1973
264 _aCambridge,
_b1973
300 _a93 páginas
336 _atexto
_2rdacontent
337 _asin medio
_2rdamedia
338 _avolumen
_2rdacarrier
650 _aDiseño en ingeniería.
942 _2lcc
_cB
_n1
999 _c19887
_d19887